| 000 | 00412nam a2200157 a 4500 | ||
|---|---|---|---|
| 020 | _a080481564X | ||
| 040 | _cDLC | ||
| 082 | 0 | 0 | _a495 C.E.T 1989 A023 Or. |
| 245 | 0 | 4 | _aThe Complete Japanese verb guide / |
| 250 | _a1st ed. | ||
| 260 |
_aRutland, Vt. : _bC.E. Tuttle Co., _c1989. |
||
| 300 |
_a352 p. ; _c19 cm. |
||
| 650 | 0 | _aJapanese language | |
| 710 | 2 | _aHiroo Japanese Center (Tokyo, Japan) | |
| 942 | _cEK | ||
| 999 |
_c13782 _d13782 |
||